| 000 | 00891nab a2200253 u 4500 | ||
|---|---|---|---|
| 001 | 05928 | ||
| 003 | HDC | ||
| 007 | cr bn --- | ||
| 008 | 210122p2014 xx n |0 eng | ||
| 040 | _aHDC | ||
| 100 |
_aM Yunus Ali, _eauthor _96261 |
||
| 245 | 0 |
_aAustralian Multicultural Consumer Diversity: A Study on Muslim Consumers' Perception towards Halal Labelling / _cby author |
|
| 260 |
_a[No place] : _b[publisher not identified], _c2014 |
||
| 300 | _a1 online resource (8 pages) | ||
| 336 |
_atext _2rdacontent |
||
| 337 |
_acomputer _2rdamedia |
||
| 338 |
_aonline resource _2rdacarrier |
||
| 650 |
_aHalal food _950 |
||
| 650 |
_aMuslims _9247 |
||
| 856 | _zRequest full-text at [email protected] | ||
| 942 | _2lcc | ||
| 942 | _cAR | ||
| 942 | _kJART 000108 | ||
| 999 |
_c3252 _d3252 |
||